00688 2200265 4500001002100000005001500021035002000036007000300056008004100059020002200100082000800122084001400130100001700144245008100161250001000242260003800252300003100290650002200321700001700343700001800360990001100378990001100389990001100400990001100411INLIS00000000000420720191014110333 a0010-1019000059ta191014 g 0 ind  a978-602-1694-53-4 a580 a580 AIS s0 aAISHA, Shafa1 a99 Fakta Unik Tumbuhan /cAisha Shafa; penyunting, Diyah Rahma, Woro Leatari acet.1 aJakarta :bAl-Kautsar Kids,c2017 a103 hlm. :bilus. ;c25 cm 4aBIOLOGI. TUMBUHAN0 aDIYAH, Rahma0 aWORO, Leatari a6935 a a6935 b a6935 a a6935 b